Normal view
MARC view
Entry Topical Term
001 - CONTROL NUMBER
- control field: 7416
003 - CONTROL NUMBER IDENTIFIER
- control field: OSt
005 - DATE AND TIME OF LATEST TRANSACTION
- control field: 20190725062615.0
008 - FIXED-LENGTH DATA ELEMENTS
- fixed length control field: 190725|| aca||aabn | a|a d
040 ## - CATALOGING SOURCE
- Original cataloging agency: OSt
- Transcribing agency: OSt
150 ## - HEADING--TOPICAL TERM
- Topical term or geographic name entry element: Employment - Bhutan
670 ## - SOURCE DATA FOUND
- Source citation: Work cat.: (OSt): Tenzin, Ugyen 7414, The nexus among economic growth, inflation and unemployment in Bhutan, 2019
